000 00430nam a2200193Ia 4500
005 20250603145730.0
008 250603s9999 xx 000 0 und d
020 _a978-0-13-504852-8
050 _aHM 586 .M1657/
100 _aMacionis, John J.
245 0 _aSociety : the basics
250 _a10th ed.
260 _aLondon
260 _bPearson
260 _c2009
300 _a554 p
650 _aLondon
942 _cBK
999 _c42692
_d42692